<?xml version="1.0" encoding="UTF-8"?>
<record
    xmlns:xsi="http://www.w3.org/2001/XMLSchema-instance"
    xsi:schemaLocation="http://www.loc.gov/MARC21/slim http://www.loc.gov/standards/marcxml/schema/MARC21slim.xsd"
    xmlns="http://www.loc.gov/MARC21/slim">

  <leader>00805nam a22002177a 4500</leader>
  <controlfield tag="005">20241217125035.0</controlfield>
  <datafield tag="010" ind1=" " ind2=" ">
    <subfield code="a">ENG-142893</subfield>
  </datafield>
  <datafield tag="020" ind1=" " ind2=" ">
    <subfield code="a">9789380831060</subfield>
    <subfield code="c">181.00</subfield>
  </datafield>
  <datafield tag="035" ind1=" " ind2=" ">
    <subfield code="a">EN-126425</subfield>
  </datafield>
  <datafield tag="037" ind1=" " ind2=" ">
    <subfield code="b">DBAD</subfield>
  </datafield>
  <datafield tag="082" ind1=" " ind2=" ">
    <subfield code="a">658.8</subfield>
  </datafield>
  <datafield tag="100" ind1=" " ind2=" ">
    <subfield code="a">Sudhir, Bodduluri</subfield>
    <subfield code="9">75260</subfield>
  </datafield>
  <datafield tag="245" ind1=" " ind2=" ">
    <subfield code="a">Services Marketing:</subfield>
    <subfield code="b">Text and cases/</subfield>
    <subfield code="c">By Bodduluri Sudhir; K V S N Jawahar babu [and] S E V Subtahmanyam</subfield>
  </datafield>
  <datafield tag="250" ind1=" " ind2=" ">
    <subfield code="a">1</subfield>
  </datafield>
  <datafield tag="260" ind1=" " ind2=" ">
    <subfield code="a">Hyderabad</subfield>
    <subfield code="b">Studenthelpline Publishing House Pvt Ltd </subfield>
    <subfield code="c">2011</subfield>
  </datafield>
  <datafield tag="270" ind1=" " ind2=" ">
    <subfield code="a">#326/C, Surneni Nilayam Near B K Guda, S.R. Nagar</subfield>
    <subfield code="b">Hyderabad</subfield>
    <subfield code="e">500038</subfield>
    <subfield code="k">+91-40-23710657</subfield>
    <subfield code="k">+91-40-32494570</subfield>
    <subfield code="m">info@studenthelpline.in</subfield>
  </datafield>
  <datafield tag="300" ind1=" " ind2=" ">
    <subfield code="a">vpp.</subfield>
    <subfield code="c">24cm(pb)</subfield>
  </datafield>
  <datafield tag="700" ind1=" " ind2=" ">
    <subfield code="a">babu, K V S N Jawahar </subfield>
    <subfield code="9">74740</subfield>
  </datafield>
  <datafield tag="700" ind1=" " ind2=" ">
    <subfield code="a">Subtahmanyam, S E V </subfield>
    <subfield code="e">Author</subfield>
    <subfield code="9">74741</subfield>
  </datafield>
  <datafield tag="942" ind1=" " ind2=" ">
    <subfield code="2">ddc</subfield>
    <subfield code="c">EN</subfield>
    <subfield code="h">625.8</subfield>
    <subfield code="m">SUB</subfield>
  </datafield>
  <datafield tag="999" ind1=" " ind2=" ">
    <subfield code="c">207440</subfield>
    <subfield code="d">207440</subfield>
  </datafield>
  <datafield tag="952" ind1=" " ind2=" ">
    <subfield code="0">0</subfield>
    <subfield code="1">0</subfield>
    <subfield code="4">0</subfield>
    <subfield code="7">0</subfield>
    <subfield code="8">NFIC</subfield>
    <subfield code="a">RKP</subfield>
    <subfield code="b">RKP</subfield>
    <subfield code="d">2024-12-05</subfield>
    <subfield code="e">Delivery of Books Act Division</subfield>
    <subfield code="g">181.00</subfield>
    <subfield code="l">0</subfield>
    <subfield code="o">625.8 SUD</subfield>
    <subfield code="p">EN-126425</subfield>
    <subfield code="r">2024-12-05 00:00:00</subfield>
    <subfield code="t">1</subfield>
    <subfield code="v">181.00</subfield>
    <subfield code="w">2024-12-05</subfield>
    <subfield code="y">EN</subfield>
  </datafield>
</record>
